[Event "448. Wednesday (05.08.2020)"]
[Site "Official B"]
[Date "2020.08.05"]
[Round "3"]
[White "Sedarpl"]
[Black "action26"]
[Result "1-0"]
[WhiteElo "2166"]
[BlackElo "1899"]
[Annotator "NA RC"]
[PlyCount "65"]
[EventDate "2020.08.05"]
[EventType "swiss (blitz)"]

1. c3 {[%emt 0:00:03]} d5 {[%emt 0:00:01]} 2. d4 {[%emt 0:00:01]} Nf6 {[%emt 0:00:01]} 3. e3 {[%emt 0:00:01]} g6 {[%emt 0:00:00]} 4. f4 {[%emt 0:00:02]} Bg7 {[%emt 0:00:00]} 5. Nf3 {[%emt 0:00:00]} O-O {[%emt 0:00:01]} 6. Bd3 {[%emt 0:00:02]} b6 {[%emt 0:00:02]} 7. O-O {[%emt 0:00:01]} Ba6 {[%emt 0:00:03]} 8. Bxa6 {[%emt 0:00:03]} Nxa6 {[%emt 0:00:01]} 9. Qe2 {[%emt 0:00:00]} Nb8 {[%emt 0:00:02]} 10. Nbd2 {[%emt 0:00:04]} c5 {[%emt 0:00:02]} 11. Ne5 {[%emt 0:00:02]} Nbd7 {[%emt 0:00:02]} 12. Ndf3 {[%emt 0:00:01]} Ne4 {[%emt 0:00:04]} 13. Nd2 {[%emt 0:00:07]} Nxd2 {[%emt 0:00:05]} 14. Bxd2 {[%emt 0:00:02]} f6 {[%emt 0:00:01]} 15. Nf3 {[%emt 0:00:13]} Rc8 {[%emt 0:00:03]} 16. e4 {[%emt 0:00:02]} Qc7 {[%emt 0:00:18]} 17. exd5 {[%emt 0:00:07]} Rfe8 {[%emt 0:00:03]} 18. Qe6+ {[%emt 0:00:01]} Kh8 {[%emt 0:00:03]} 19. Qf7 {[%emt 0:00:03]} Rf8 {[%emt 0:00:09]} 20. Qe6 {[%emt 0:00:08]} Rfe8 {[%emt 0:00:09]} 21. f5 {[%emt 0:00:02]} Nf8 {[%emt 0:00:02]} 22. Qf7 {[%emt 0:00:06]} Rcd8 {[%emt 0:00:11]} 23. fxg6 {[%emt 0:00:05]} hxg6 {[%emt 0:00:03]} 24. Rae1 {[%emt 0:00:06]} Nh7 {[%emt 0:00:11]} 25. Qxg6 {[%emt 0:00:05]} Rg8 {[%emt 0:00:02]} 26. Qh5 {[%emt 0:00:04]} Bf8 {[%emt 0:00:05]} 27. Re4 {[%emt 0:00:04]} Qb7 {[%emt 0:00:11]} 28. Rh4 {[%emt 0:00:03]} e5 {[%emt 0:00:06]} (28... e6 29. Ne5 fxe5 30. Rf7 $18 {[%emt 0:00:06]}) 29. Nxe5 {[%emt 0:00:03]} fxe5 {[%emt 0:00:07]} 30. Rf7 {[%emt 0:00:02]} Rg7 {[%emt 0:00:42]} 31. Rxb7 {[%emt 0:00:11]} Rxb7 {[%emt 0:00:00]} 32. Bg5 {[%emt 0:00:05]} Rdd7 {[%emt 0:00:05]} 33. Bf6+ {[%emt 0:00:04] action26 gibt auf (Lag: Av=0.93s, max=2.2s)} 1-0

[Event "448. Wednesday (05.08.2020)"]
[Site "Official B"]
[Date "2020.08.05"]
[Round "3"]
[White "LangesNasenhaar"]
[Black "mehrdadahouran"]
[Result "1-0"]
[WhiteElo "2164"]
[BlackElo "2221"]
[Annotator "TA"]
[PlyCount "43"]
[EventDate "2020.08.05"]
[EventType "swiss (blitz)"]

{[%evp 15,43,0,0,0,0,2,64,57,64,59,60,74,60,58,64,59,85,45,83,82,87,73,89,12,17,18,21,27,50,51]} 1. d4 Nf6 2. Nf3 e6 3. g3 c5 4. Bg2 cxd4 5. O-O Nc6 6. Nxd4 Qb6 7. Nb3 d5 8. Be3 Qc7 9. Nc3 {A46: 1 d4 Nf6 2 Nf3 e6: Torre, London and Colle Systems.} Be7 10. Bf4 e5 (10... Qd8 $11) 11. Bg5 $14 d4 {[#]} 12. Bxf6 $146 ({Predecessor:} 12. Nb1 O-O 13. c3 dxc3 14. Nxc3 Rd8 15. Qc1 Be6 16. Bxf6 Bxf6 17. Nc5 Qe7 18. Nxe6 Qxe6 {1-0 (32) Cerveny,M (2328)-Simek,J (2192) Czechia 2012}) 12... dxc3 13. Bxg7 Rg8 14. Bh6 cxb2 15. Rb1 Bf5 16. Rxb2 Rg6 17. Be3 Rd8 {[#]} 18. Nd2 $1 b6 19. Qb1 (19. c4 $16) 19... Nd4 $11 20. Bxd4 Rxd4 21. Nf3 Rc4 {[%cal Rf5c2]} 22. Rb5 {Accuracy: White = 89%, Black = 75%.} 1-0

[Event "448. Wednesday (05.08.2020)"]
[Site "Official B"]
[Date "2020.08.05"]
[Round "3"]
[White "Sheded A"]
[Black "Tvtower68"]
[Result "0-1"]
[WhiteElo "2080"]
[BlackElo "1845"]
[Annotator "NA RC"]
[PlyCount "142"]
[EventDate "2020.08.05"]
[EventType "swiss (blitz)"]

1. d4 {[%emt 0:00:04]} Nf6 {[%emt 0:00:02]} 2. c4 {[%emt 0:00:01]} d5 {[%emt 0:00:09]} 3. cxd5 {[%emt 0:00:03]} Nxd5 {[%emt 0:00:02]} 4. e4 {[%emt 0:00:02]} Nf6 {[%emt 0:00:01]} 5. Nc3 {[%emt 0:00:02]} e6 {[%emt 0:00:03]} 6. Nf3 {[%emt 0:00:03]} a6 {[%emt 0:00:01]} 7. Bd3 {[%emt 0:00:13]} b5 {[%emt 0:00:01]} 8. O-O {[%emt 0:00:03]} Bb7 {[%emt 0:00:01]} 9. Qe2 {[%emt 0:00:06]} Be7 {[%emt 0:00:01]} 10. e5 {[%emt 0:00:14]} Nd5 {[%emt 0:00:01]} 11. Ne4 {[%emt 0:00:03]} O-O {[%emt 0:00:07]} 12. Nfg5 {[%emt 0:00:15]} g6 {[%emt 0:00:16]} 13. Rd1 {[%emt 0:00:14]} f5 {[%emt 0:00:14]} 14. exf6 {[%emt 0:00:04]} Nxf6 {[%emt 0:00:08]} 15. Nxf6+ {[%emt 0:00:02]} Rxf6 {[%emt 0:00:04]} 16. Nxe6 {[%emt 0:00:19]} Qd5 {[%emt 0:00:07]} 17. Nf4 {[%emt 0:00:22]} Rxf4 {[%emt 0:00:04]} 18. f3 {[%emt 0:00:01]} Rf7 {[%emt 0:00:32]} 19. Be4 {[%emt 0:00:02]} Qe6 {[%emt 0:00:10]} 20. d5 {[%emt 0:00:06]} Bc5+ {[%emt 0:00:09]} 21. Kh1 {[%emt 0:00:07]} Qe5 {[%emt 0:00:12]} 22. Be3 {[%emt 0:00:29]} Bxe3 {[%emt 0:00:09]} 23. Qxe3 {[%emt 0:00:01]} Nd7 {[%emt 0:00:02]} 24. Rac1 {[%emt 0:00:09]} Nf6 {[%emt 0:00:02]} 25. Qb3 {[%emt 0:00:16]} Nxe4 {[%emt 0:00:04]} 26. fxe4 {[%emt 0:00:04]} Qxe4 {[%emt 0:00:08]} 27. Rc3 {[%emt 0:00:04]} Raf8 {[%emt 0:00:08]} 28. h3 {[%emt 0:00:04]} Rf1+ {[%emt 0:00:11]} 29. Rxf1 {[%emt 0:00:02]} Rxf1+ {[%emt 0:00:02]} 30. Kh2 {[%emt 0:00:00]} Qe5+ {[%emt 0:00:02]} 31. Rg3 {[%emt 0:00:01]} Bxd5 {[%emt 0:00:08]} 32. Qd3 {[%emt 0:00:02]} Rf5 {[%emt 0:00:08]} 33. Kg1 {[%emt 0:00:06]} Bf7 {[%emt 0:00:12]} 34. Re3 {[%emt 0:00:02]} Qc5 {[%emt 0:00:02]} 35. Kh2 {[%emt 0:00:02]} Qd6+ {[%emt 0:00:02]} 36. Kg1 {[%emt 0:00:02]} Qxd3 {[%emt 0:00:01]} 37. Rxd3 {[%emt 0:00:01]} Bxa2 {[%emt 0:00:02]} 38. Ra3 {[%emt 0:00:01]} Bc4 {[%emt 0:00:05]} 39. Rxa6 {[%emt 0:00:01]} Rf1+ {[%emt 0:00:04]} 40. Kh2 {[%emt 0:00:01]} Rf2 {[%emt 0:00:01]} 41. Rc6 {[%emt 0:00:05]} Rxg2+ {[%emt 0:00:03]} 42. Kh1 {[%emt 0:00:02]} Rxb2 {[%emt 0:00:05]} 43. Rxc7 {[%emt 0:00:01]} Bd5+ {[%emt 0:00:07]} 44. Kg1 {[%emt 0:00:01]} b4 {[%emt 0:00:01]} 45. Kf1 {[%emt 0:00:01]} b3 {[%emt 0:00:01]} 46. Rc8+ {[%emt 0:00:03]} Kg7 {[%emt 0:00:01]} 47. Rb8 {[%emt 0:00:01]} Bf7 {[%emt 0:00:01]} 48. Ke1 {[%emt 0:00:01]} Rh2 {[%emt 0:00:02]} 49. Kd1 {[%emt 0:00:01]} Rxh3 {[%emt 0:00:02]} 50. Kd2 {[%emt 0:00:01]} b2 {[%emt 0:00:01]} 51. Rxb2 {[%emt 0:00:02]} Rh2+ {[%emt 0:00:01]} 52. Kc3 {[%emt 0:00:00]} Rxb2 {[%emt 0:00:01]} 53. Kxb2 {[%emt 0:00:00]} h5 {[%emt 0:00:00]} 54. Kc3 {[%emt 0:00:00]} h4 {[%emt 0:00:00]} 55. Kd4 {[%emt 0:00:00]} h3 {[%emt 0:00:00]} 56. Ke3 {[%emt 0:00:00]} h2 {[%emt 0:00:00]} 57. Kf3 {[%emt 0:00:00]} h1=Q+ {[%emt 0:00:00]} 58. Kg4 {[%emt 0:00:00]} Be6+ {[%emt 0:00:01]} 59. Kg5 {[%emt 0:00:00]} Qh5+ {[%emt 0:00:02]} 60. Kf4 {[%emt 0:00:01]} Qf5+ {[%emt 0:00:01]} 61. Kg3 {[%emt 0:00:01]} Qg4+ {[%emt 0:00:01]} 62. Kf2 {[%emt 0:00:00]} g5 {[%emt 0:00:01]} 63. Ke3 {[%emt 0:00:01]} Qf4+ {[%emt 0:00:02]} 64. Ke2 {[%emt 0:00:01]} g4 {[%emt 0:00:01]} 65. Kd3 {[%emt 0:00:00]} g3 {[%emt 0:00:00]} 66. Ke2 {[%emt 0:00:01]} g2 {[%emt 0:00:00]} 67. Kd3 {[%emt 0:00:01]} g1=Q {[%emt 0:00:00]} 68. Ke2 {[%emt 0:00:01]} Qgg3 {[%emt 0:00:00]} 69. Kd1 {[%emt 0:00:03]} Qf1+ {[%emt 0:00:01]} 70. Kd2 {[%emt 0:00:01]} Qff2+ {[%emt 0:00:01]} 71. Kd1 {[%emt 0:00:01]} Qgg1# {[%emt 0:00:00] (Lag: Av=0.51s, max=1.3s)} 0-1

[Event "448. Wednesday (05.08.2020)"]
[Site "Official B"]
[Date "2020.08.05"]
[Round "3"]
[White "Black Pianist"]
[Black "Inter_slo"]
[Result "1-0"]
[WhiteElo "2010"]
[BlackElo "1745"]
[Annotator "TA"]
[PlyCount "131"]
[EventDate "2020.08.05"]
[EventType "swiss (blitz)"]

{[%evp 10,130,67,58,57,63,67,72,87,77,111,108,110,89,157,173,298,297,402,345,349,366,356,291,364,352,509,438,443,312,331,202,527,522,498,420,531,279,502,-718,-752,-1057,-958,-932,-886,-907,-506,-490,-503,-497,-387,-364,-382,-355,-102,-641,348,336,991,365,949,946,941,936,998,653,911,858,12833,12833,12833,12835,12835,12835,12836,5194,2420,1932,12842,6107,12844,12844,12845,12845,12847,12845,12848,12849,12849,12850,12850,12850,12851,27999,12851,27999,12851,27999,12851,27999,27998,27999,27999,27999,27999,27999,27999,27999,27999,27999,27999,27999,27999,27999,27999,27999,27999,27999,27999,27999,27999,27999,27999]} 1. c4 d5 2. cxd5 Qxd5 3. Nc3 Qd8 4. g3 Nf6 5. Bg2 g6 6. Nf3 Bg7 {A16: English Opening: 1...Nf6 with ...d5.} 7. d4 O-O {[#]} 8. Bf4 $146 ({Predecessor:} 8. O-O Nbd7 9. a4 c6 10. a5 Nd5 11. Bd2 Nxc3 12. Bxc3 Rb8 13. Qc2 b6 14. Rfd1 {1-0 (79) Dupont,V (1984)-Sandu,M (2286) Avoine 2019}) 8... e6 {White is better.} 9. h4 c5 10. dxc5 Qa5 11. Bd6 Re8 (11... Rd8 $142) 12. O-O $36 {[%mdl 2048] Black is under strong pressure.} Na6 (12... Nc6 $142 13. Qb3 Rd8) 13. a3 $18 Nh5 14. b4 Qd8 15. Rc1 Nc7 16. e4 Bd7 17. e5 f6 (17... Bc6 {was called for.} 18. Nd4 Nd5 19. Nxd5 Bxd5 20. Bxd5 exd5) 18. Qe2 a6 19. Rcd1 Nb5 20. Ne4 Nxa3 $2 (20... f5 21. Nf6+ Nxf6) 21. exf6 Nxf6 22. Nxf6+ Bxf6 23. Rfe1 {aiming for Be5.} Bb5 $2 (23... Ba4 24. Rc1 a5) 24. Qb2 $4 {[%mdl 8192]} (24. Qa2 $18) 24... Bxb2 $19 25. Ng5 Bc4 26. Bxb7 {[#]} Rb8 $1 27. c6 (27. Bxb8 Qxb8) 27... Qf6 28. Bxb8 Rxb8 29. c7 Re8 30. c8=Q Rxc8 31. Bxc8 Bd4 $2 (31... e5 $1 $19 32. Be6+ Bxe6) 32. Ne4 $2 {[%mdl 8192]} (32. Bxe6+ $17 Bxe6 33. Rxe6 Qxf2+ {[%mdl 64] Double Attack} 34. Kh1) 32... Qf3 $4 {[%mdl 8192]} (32... Qe5 $19 {and life is good for Black.} 33. Rd2 Nb1 $1 {[%mdl 512]} 34. Rxd4 Qxd4) 33. Rxd4 $18 Bd5 $2 {[#]} (33... Nc2 34. Rd8+ (34. Rxc4 Nxe1 35. Bxe6+ Kf8 $11) 34... Kg7) 34. Re3 $2 (34. Bxe6+ $1 {[%mdl 512]} Bxe6 35. Ng5) 34... Nc2 $2 (34... Qf8) 35. Rxf3 {Threatening mate with Rxd5!} Nxd4 36. Re3 Nc2 37. Re2 {Strongly threatening Nf6+.} Nxb4 38. Ng5 Bc4 39. Bxe6+ Bxe6 40. Rxe6 a5 41. Rb6 h6 42. Ne4 Kf7 43. Rb5 g5 44. Rxa5 gxh4 45. gxh4 Nd3 46. Kg2 Nf4+ 47. Kg3 Ng6 48. h5 Ne7 49. Ra7 Ke6 {[#]} 50. Rxe7+ $1 Kxe7 {[%mdl 4096] Endgame KN-KP} 51. Kf4 {Ke5 would kill now.} Ke6 52. Ng3 {Intending Nf5 and mate.} Kf7 53. Nf5 Kg8 54. Nxh6+ Kh7 {White mates.} 55. Nf5 Kg8 56. Kg5 Kh7 57. h6 Kg8 58. Kg6 Kh8 59. Nd6 Kg8 60. h7+ Kf8 61. h8=Q+ Ke7 62. Qe5+ Kd7 63. Nc4 Kd8 64. Qd6+ Ke8 65. Qc7 Kf8 66. Qf7# {Accuracy: White = 46%, Black = 23%.} 1-0

[Event "448. Wednesday (05.08.2020)"]
[Site "Official B"]
[Date "2020.08.05"]
[Round "3"]
[White "Károly Lajosné"]
[Black "Haris kollari 13"]
[Result "1-0"]
[WhiteElo "1968"]
[BlackElo "1851"]
[Annotator "NA RC"]
[PlyCount "107"]
[EventDate "2020.08.05"]
[EventType "swiss (blitz)"]

1. d4 {[%emt 0:00:07]} d5 {[%emt 0:00:03]} 2. Nf3 {[%emt 0:00:01]} Bg4 {[%emt 0:00:02]} 3. Bf4 {[%emt 0:00:02]} Nd7 {[%emt 0:00:03]} 4. Nbd2 {[%emt 0:00:01]} f6 {[%emt 0:00:01]} 5. c3 {[%emt 0:00:02]} h5 {[%emt 0:00:11]} 6. h3 {[%emt 0:00:01]} Bf5 {[%emt 0:00:01]} 7. Qb3 {[%emt 0:00:02]} Nb6 {[%emt 0:00:05]} 8. e3 {[%emt 0:00:05]} g5 {[%emt 0:00:05]} 9. Bh2 {[%emt 0:00:04]} Be6 {[%emt 0:00:17]} 10. Bd3 {[%emt 0:00:06]} Bf7 {[%emt 0:00:03]} 11. a4 {[%emt 0:00:08]} Qc8 {[%emt 0:00:11]} 12. a5 {[%emt 0:00:03]} Nd7 {[%emt 0:00:01]} 13. c4 {[%emt 0:00:12]} c6 {[%emt 0:00:04]} 14. O-O {[%emt 0:00:17]} e6 {[%emt 0:00:04]} 15. cxd5 {[%emt 0:00:07]} exd5 {[%emt 0:00:01]} 16. e4 {[%emt 0:00:01]} dxe4 {[%emt 0:00:08]} 17. Bc4 {[%emt 0:00:12]} Bxc4 {[%emt 0:00:02]} 18. Qxc4 {[%emt 0:00:02]} exf3 {[%emt 0:00:03]} 19. Nxf3 {[%emt 0:00:01]} Be7 {[%emt 0:00:09]} 20. Rfe1 {[%emt 0:00:01]} Kf8 {[%emt 0:00:01]} 21. Re2 {[%emt 0:00:14]} Rh7 {[%emt 0:00:03]} 22. Rae1 {[%emt 0:00:13]} Rf7 {[%emt 0:00:05]} 23. Qe6 {[%emt 0:00:09]} b6 {[%emt 0:00:08]} 24. axb6 {[%emt 0:00:03]} Nxb6 {[%emt 0:00:02]} 25. Qb3 {[%emt 0:00:08]} Nd5 {[%emt 0:00:02]} 26. Nd2 {[%emt 0:00:04]} Rb8 {[%emt 0:00:02]} 27. Bxb8 {[%emt 0:00:04]} g4 {[%emt 0:00:09]} 28. hxg4 {[%emt 0:00:12]} hxg4 {[%emt 0:00:01]} 29. Ne4 {[%emt 0:00:07]} f5 {[%emt 0:00:08]} 30. Nd6 {[%emt 0:00:02]} Bxd6 {[%emt 0:00:07]} 31. Bxd6+ {[%emt 0:00:02]} Kg7 {[%emt 0:00:01]} 32. Qg3 {[%emt 0:00:14]} f4 {[%emt 0:00:02]} 33. Qh4 {[%emt 0:00:06]} f3 {[%emt 0:00:36]} 34. Re8 {[%emt 0:00:02]} Qf5 {[%emt 0:00:04]} 35. Be5+ {[%emt 0:00:03]} Ndf6 {[%emt 0:00:11]} 36. Bxf6+ {[%emt 0:00:02]} Nxf6 {[%emt 0:00:02]} 37. Qh8+ {[%emt 0:00:01]} Kg6 {[%emt 0:00:01]} 38. g3 {[%emt 0:00:13]} Rh7 {[%emt 0:00:10]} 39. Rg8+ {[%emt 0:00:06]} Nxg8 {[%emt 0:00:05]} 40. Qxg8+ {[%emt 0:00:01]} Kf6 {[%emt 0:00:11]} 41. Qf8+ {[%emt 0:00:09]} Kg6 {[%emt 0:00:07]} 42. Qg8+ {[%emt 0:00:10]} Kf6 {[%emt 0:00:01]} 43. Qd8+ {[%emt 0:00:08]} Kg6 {[%emt 0:00:06]} 44. Qe8+ {[%emt 0:00:07]} Rf7 {[%emt 0:00:13]} 45. Qxc6+ {[%emt 0:00:09]} Kg7 {[%emt 0:00:06]} 46. Qc3 {[%emt 0:00:07]} Rd7 {[%emt 0:00:14]} 47. d5+ {[%emt 0:00:01]} Kh7 {[%emt 0:00:02]} 48. d6 {[%emt 0:00:03]} Qf7 {[%emt 0:00:20]} 49. Qd3+ {[%emt 0:00:01]} Kg7 {[%emt 0:00:02]} 50. Qd4+ {[%emt 0:00:01]} Kh6 {[%emt 0:00:03]} 51. Qxg4 {[%emt 0:00:01]} Rxd6 {[%emt 0:00:01]} 52. Qh4+ {[%emt 0:00:02]} Kg7 {[%emt 0:00:01]} 53. Qg4+ {[%emt 0:00:01]} Rg6 {[%emt 0:00:00]} 54. Qd4+ {[%emt 0:00:01] Time (Lag: Av=0.40s, max=0.9s)} 1-0

[Event "448. Wednesday (05.08.2020)"]
[Site "Official B"]
[Date "2020.08.05"]
[Round "3"]
[White "Gaurav306"]
[Black "Chesstiger9"]
[Result "1-0"]
[WhiteElo "1948"]
[BlackElo "1957"]
[Annotator "NA RC"]
[PlyCount "59"]
[EventDate "2020.08.05"]
[EventType "swiss (blitz)"]

{- Volkov, Yuri} 1. e4 {[%emt 0:00:06]} c5 {[%emt 0:00:01]} 2. Nf3 {[%emt 0:00:18]} e6 {[%emt 0:00:01]} 3. d4 {[%emt 0:00:03]} cxd4 {[%emt 0:00:02]} 4. Nxd4 {[%emt 0:00:00]} a6 {[%emt 0:00:01]} 5. Bd3 {[%emt 0:00:04]} Qc7 {[%emt 0:00:02]} 6. O-O {[%emt 0:00:02]} Nf6 {[%emt 0:00:01]} 7. Qe2 {[%emt 0:00:02]} Nc6 {[%emt 0:00:03]} 8. Nb3 {[%emt 0:00:09]} d5 {[%emt 0:00:03]} 9. exd5 {[%emt 0:00:07]} Nxd5 {[%emt 0:00:01]} 10. a3 {[%emt 0:00:09]} Bd6 {[%emt 0:00:04]} 11. h3 {[%emt 0:00:05]} Bh2+ {[%emt 0:00:12]} 12. Kh1 {[%emt 0:00:02]} Bf4 {[%emt 0:00:01]} 13. Nc3 {[%emt 0:00:11]} Nxc3 {[%emt 0:00:03]} 14. bxc3 {[%emt 0:00:02]} Bxc1 {[%emt 0:00:04]} 15. Raxc1 {[%emt 0:00:03]} O-O {[%emt 0:00:01]} 16. Rce1 {[%emt 0:00:10]} e5 {[%emt 0:00:07]} 17. Bc4 {[%emt 0:00:35]} Kh8 {[%emt 0:00:46]} 18. Bd5 {[%emt 0:00:08]} f6 {[%emt 0:00:03]} 19. Qh5 {[%emt 0:00:10]} g6 {[%emt 0:00:04]} 20. Qh6 {[%emt 0:00:03]} Qg7 {[%emt 0:00:01]} 21. Qxg7+ {[%emt 0:00:04]} Kxg7 {[%emt 0:00:00]} 22. Bxc6 {[%emt 0:00:09]} bxc6 {[%emt 0:00:00]} 23. Rd1 {[%emt 0:00:06]} Bf5 {[%emt 0:00:03]} 24. Rd6 {[%emt 0:00:10]} Rac8 {[%emt 0:00:10]} 25. Nc5 {[%emt 0:00:02]} Bxc2 {[%emt 0:00:21]} 26. Rc1 {[%emt 0:00:06] Chesstiger9 offers a draw} Bf5 {[%emt 0:00:41]} 27. g4 {[%emt 0:00:01]} Rfd8 {[%emt 0:00:09]} 28. Rxd8 {[%emt 0:00:04]} Rxd8 {[%emt 0:00:02]} 29. gxf5 {[%emt 0:00:00]} gxf5 {[%emt 0:00:02]} 30. Ne6+ {[%emt 0:00:02] Chesstiger9 resigns (Lag: Av=0.58s, max=0.7s)} 1-0

[Event "448. Wednesday (05.08.2020)"]
[Site "Official B"]
[Date "2020.08.05"]
[Round "3"]
[White "K_J"]
[Black "Hühnersuppe"]
[Result "1-0"]
[WhiteElo "1932"]
[BlackElo "1744"]
[Annotator "TA"]
[PlyCount "105"]
[EventDate "2020.08.05"]
[EventType "swiss (blitz)"]

{[%evp 11,105,9,44,43,93,36,43,52,49,0,0,0,0,-11,-31,-18,0,0,0,0,6,8,58,58,54,41,60,62,121,84,95,18,41,37,29,16,23,9,36,17,20,18,36,18,74,83,133,83,129,113,242,25,40,0,100,79,105,61,52,0,68,87,87,136,129,79,77,0,81,0,0,-50,490,618,556,509,441,464,384,20,77,0,1190,1109,386,32,74,68,325,0,0,0,0,0,0,0]} 1. e4 e6 2. d4 d5 3. e5 c5 4. c3 Nc6 5. Nf3 cxd4 6. cxd4 f6 {6...Nge7 is becoming the main line.} 7. Nc3 {C02: French: Advance Variation.} Bb4 8. a3 (8. Bb5 $16) 8... Bxc3+ $1 $14 9. bxc3 {White is slightly better.} fxe5 {[#]} 10. Nxe5 $146 ({Predecessor:} 10. dxe5 Nge7 11. Bd3 O-O 12. O-O Rxf3 13. gxf3 Nxe5 14. Be2 Qc7 15. f4 N5g6 16. Qd2 {0-1 (34) De Souza,L (2057)-Fontoura,A (1910) Campo Grande 2015}) 10... Nxe5 11. dxe5 Qc7 12. Qd4 Ne7 13. f4 O-O 14. Bd3 Bd7 15. O-O Nc6 16. Qe3 Qb6 17. Qxb6 axb6 18. Be3 Ra4 19. Rfb1 Na5 (19... g5 $14) 20. Rxb6 Bc6 21. Bb5 (21. Bc5 $16 Ra8 22. Bb4) 21... Bxb5 22. Rxb5 Nc4 23. Bc1 b6 24. Rb4 Rfa8 25. Kf1 Kf7 26. Ke2 R8a6 27. Kd3 Rxb4 (27... R4a5 $11 {keeps the balance.}) 28. cxb4 $11 {[%mdl 4096] Endgame KRB-KRN} h5 29. h3 h4 {[#]} 30. a4 $1 Ke7 (30... Kg6 $16) 31. b5 $2 (31. Kd4 $18) 31... Ra8 32. Kc3 g5 (32... Kf7 $11) 33. fxg5 $16 Nxe5 34. Kd4 Nc4 35. Be3 (35. Bf4 $14) 35... Rg8 (35... e5+ $11 36. Kxd5 Nxe3+ 37. Kxe5 Kf7) 36. Bf2 $14 Kd6 37. Bxh4 e5+ 38. Kc3 Rc8 39. Kd3 (39. Kb4 $16) 39... Nb2+ {[#]} (39... d4 $11) 40. Kd2 (40. Ke2 $1 $16) 40... d4 $11 41. Rc1 Rxc1 $4 {[%mdl 8192]} (41... Nc4+ $15 {keeps the upper hand.} 42. Ke1 Kd5) 42. Kxc1 $18 Nxa4 $15 {KB-KN} 43. g6 {Black must now prevent g7.} Ke6 44. g7 Kf7 {[#]} 45. g8=Q+ $1 {[%mdl 512]} Kxg8 $16 46. Bf6 Nc3 $2 {[%mdl 8192]} (46... Nc5 $11) 47. Bxe5 $18 Nxb5 48. g4 $2 (48. Kc2 $18) 48... Kf7 $14 49. h4 {Threatens to win with h5.} Kg6 $2 {[%mdl 8192]} ({Black should play} 49... Ke6 $14 50. Bh8 Kd5) 50. Bf4 $2 ({Better is} 50. Kc2 $18) 50... Nc3 $11 {aiming for ...Ne2+.The position is equal.} 51. h5+ Kh7 {...Ne2+ is the strong threat.} 52. Kc2 {Hoping for Kd3.} Nd5 53. Bg5 {[%mdl 32768] Accuracy: White = 51%, Black = 54%. . Loss on time!?} 1-0

[Event "448. Wednesday (05.08.2020)"]
[Site "Official B"]
[Date "2020.08.05"]
[Round "3"]
[White "Oliverfab"]
[Black "Jhhonnyy"]
[Result "0-1"]
[WhiteElo "1906"]
[BlackElo "2149"]
[Annotator "TA"]
[PlyCount "70"]
[EventDate "2020.08.05"]
[EventType "swiss (blitz)"]
[WhiteTeam "SV Laatzen"]

{[%evp 9,70,12,16,0,8,-8,0,-39,10,14,29,30,37,5,25,-5,51,61,158,162,170,91,96,101,98,0,102,100,106,87,106,112,117,104,143,89,148,82,78,86,86,-10,4,-103,-87,-90,-66,-52,217,217,202,212,275,269,371,-54,-65,-540,-179,-506,-535,-29998,-29999]} 1. Nf3 Nf6 2. g3 g6 3. Bg2 Bg7 4. d4 O-O 5. O-O d5 6. a4 {D02: 1 d4 d5 2 Nf3 sidelines, including 2...Nf6 3 g3 and 2...Nf6 3 Bf4.} c6 7. a5 Bf5 8. c3 {[#] The position is equal.} Nbd7 $146 (8... Bxb1 $5 9. Rxb1 Qxa5 $11) ({Predecessor:} 8... Bxb1 9. Rxb1 Qxa5 10. Bf4 Nbd7 11. Qb3 Qb6 12. Qa3 Rfe8 13. Ne5 Nxe5 14. dxe5 Nd7 {1-0 (34) Eliseev,E (2407)-Sunjaikin,B (2316) chess.com INT 2020}) 9. Nbd2 Re8 10. Nh4 Be6 11. Re1 b6 12. b4 bxa5 (12... c5 $11) 13. Rxa5 $14 g5 (13... Nb6 $14) 14. Nhf3 $16 h6 {[#]} 15. Qa4 (15. h4 $1 $18) 15... Qc7 16. Bb2 Nb6 17. Qa2 (17. Qc2 $16) 17... Bc8 (17... Ne4 $11 {remains equal.} 18. Nb3 Nc4) 18. Ra1 a6 19. Ne5 Nfd7 20. Nd3 e5 21. e3 Bb7 22. h3 (22. Nc5 $142) 22... Rad8 (22... e4 $142) 23. Kh2 ({White should play} 23. Nc5) 23... e4 24. Nc5 Nxc5 25. Rxc5 (25. bxc5 $16 Nd7 26. c4) 25... h5 26. Nb3 (26. c4 $11) 26... h4 27. Na5 hxg3+ 28. fxg3 Nc4 $2 {[%mdl 8192]} (28... Bf8 $1 $15 {keeps the upper hand.}) 29. Nxc4 $18 dxc4 30. Qxc4 g4 31. h4 Bf6 {[#] ...Bxh4 is the strong threat.} 32. h5 $2 ({Better is} 32. Rf1 $18 Rd6 33. Rf4) 32... Bh4 $1 $15 33. Rg1 $2 {[%mdl 8192]} (33. Kg1 $15 Qxg3 34. Qe2) 33... Qxg3+ $19 34. Kh1 Be7 {( -> ...Qh4+)} 35. Rf5 Qh4+ {Accuracy: White = 46%, Black = 61%.} 0-1